[Event "Challenge"]
[Site "http://www.queenalice.com/game.php?id=192724"]
[Date "2007.4.6"]
[Round "-"]
[White "ocmpa"]
[Black "Hugo_Gtz"]
[Result "1/2-1/2"]
[WhiteElo "1717"]
[BlackElo "1772"]

1. e4 e5 2. Nf3 d6 3. d4 exd4 4. Nxd4 Qh4 5. Qf3 Bg4 6. Qf4 g5 7. Nf5 gxf4 8.
Nxh4 Bg7 9. c3 Be5 10. f3 Bd7 11. a4 Nc6 12. b4 a6 13. Ra3 Nge7 14. g4 fxg3 15.
f4 Bf6 16. hxg3 O-O-O 17. Bh3 Rde8 18. Bxd7+ Kxd7 19. g4 Bxh4+ 20. Rxh4 Ng6 21.
Rh2 Rxe4+ 22. Re2 Re7 23. b5 axb5 24. axb5 Nd8 25. c4 Nh4 26. Kf2 f5 27. g5 Ne6
28. Kg3 Ng6 29. Nc3 Nd4 30. Rxe7+ Kxe7 31. Ra7 Rb8 32. Nd5+ Kf8 33. Nxc7 Ne2+
34. Kf3 Nxc1 35. b6 Nb3 36. Nb5 Nd2+ 37. Kg3 Nxc4 38. Nc7 Nxb6 39. Ra5 Ne7 40.
Kh4 Nc4 41. Rb5 Kf7 42. Kh5 Ne3 43. Kh6 Kg8 44. Rb3 Ng6 45. Rxe3 Nxf4 46. Re7
Ng6 47. Rxh7 Nf8 48. g6 Nxh7 49. gxh7+ Kh8 50. Nd5 Re8 51. Nf4 Rg8 52. hxg8=Q+
Kxg8 53. Kg6 b5 54. Kxf5 Kf7 55. Ke4 b4 56. Kd5 b3 57. Nd3 Ke7 58. Kc4 Ke6 59.
Kxb3 Kd5 60. Kc3 Ke4 61. Nb4 d5 62. Nxd5 Kxd5 63. Kd3 Ke5 64. Kc4 Ke4 65. Kc5
1/2-1/2

[Event "Second Round"]
[Site "http://www.queenalice.com/game.php?id=192731"]
[Date "2007.4.6"]
[Round "-"]
[White "ocmpa"]
[Black "saraquette"]
[Result "1-0"]
[WhiteElo "1718"]
[BlackElo "1717"]

1. e4 c5 2. d4 cxd4 3. Qxd4 Nc6 4. Qc3 d5 5. exd5 Qxd5 6. Nf3 e6 7. Bc4 Qe4+ 8.
Be3 Bb4 9. Qxb4 Nxb4 10. Na3 Nxc2+ 11. Nxc2 Qxc2 12. Bb5+ Kf8 13. O-O a6 14. Nd4
Qxb2 15. Bd3 e5 16. Rfb1 Qa3 17. Rb3 Qe7 18. Nf5 Qf6 19. Bc5+ Ke8 20. Nd6+ Kd7
21. Rc1 Nh6 22. Ne4 Qf4 23. Rc2 Ng4 24. g3 Qh6 25. h4 g5 26. Nxg5 Qg7 27. Bf5+
Ke8 28. Bxc8 Rxc8 29. Rxb7 Nh6 30. Re7+ Kf8 31. Rxf7+ Kg8 32. Rxg7+ Kxg7 33. Ne4
Kg6 34. f4 exf4 35. gxf4 Kf5 36. Nd6+ Kxf4 37. Nxc8 Kg4 38. Rc4+ Kh5 39. Ne7 Rb8
40. a4 Rb3 41. Bf2 Ng4 42. Rc5+ Kh6 43. Rc6+ Kh5 44. Rxa6 Nxf2 45. Kxf2 Kxh4 46.
Rh6+ Kg4 47. a5 Rf3+ 48. Ke2 Ra3 49. Nc6 Rc3 50. a6 Kg5 51. Rd6 h5 52. a7 Ra3
53. Rd8 Kg4 54. a8=Q Rxa8 55. Rxa8 h4 56. Ne5+ Kg3 57. Nf3 h3 58. Rg8+ Kf4 59.
Nh2 1-0

[Event "oompa loompa"]
[Site "http://www.queenalice.com/game.php?id=194949"]
[Date "2007.4.11"]
[Round "-"]
[White "ocmpa"]
[Black "pawn_buzzard"]
[Result "0-1"]
[WhiteElo "1734"]
[BlackElo "1727"]

1. e4 c5 2. Nf3 Nc6 3. c3 d6 4. d4 cxd4 5. Nxd4 Nxd4 6. cxd4 e5 7. d5 Nf6 8. Nc3
Qa5 9. Bd2 Nxe4 10. Bb5+ Ke7 11. Qa4 Qxa4 12. Bxa4 Nxd2 13. Kxd2 g6 14. Ne2 f5
15. f4 e4 16. b4 Bg7 17. Rac1 a6 18. Rc7+ Kf6 19. Bd7 b5 20. Bxc8 Rhxc8 21. Rxc8
Rxc8 22. Rc1 Re8 23. Ke3 Bh6 24. Rc6 Re5 25. Nc3 a5 26. bxa5 b4 27. Nb5 Rxd5 28.
Rxd6+ Rxd6 29. Nxd6 Bf8 30. Nb5 Ke6 31. a6 Kd7 32. a7 Bc5+ 33. Kd2 Bxa7 34. Nxa7
Kd6 35. Ke3 Kc5 36. h3 Kc4 37. g4 Kc3 38. Nb5+ Kb2 39. a4 bxa3 40. Nxa3 Kxa3 41.
gxf5 gxf5 42. Kd4 Kb4 43. h4 h5 44. Ke5 e3 45. Kxf5 e2 46. Kg5 e1=Q 47. Kxh5 Qg3
0-1

[Event "Challenge"]
[Site "http://www.queenalice.com/game.php?id=195747"]
[Date "2007.4.12"]
[Round "-"]
[White "ocmpa"]
[Black "corinthians2"]
[Result "0-1"]
[WhiteElo "1711"]
[BlackElo "1719"]

1. e4 c5 2. Nf3 e6 3. d4 cxd4 4. Nxd4 Nc6 5. Nxc6 bxc6 6. Nc3 d5 7. e5 Qc7 8. f4
Bc5 9. Na4 Bb6 10. Bd2 c5 11. Qg4 g6 12. Bb5+ Bd7 13. Bxd7+ Qxd7 14. Nxb6 axb6
15. a3 Ne7 16. c3 Qb5 17. b4 Qd3 18. Qe2 Qxe2+ 19. Kxe2 Kd7 20. bxc5 bxc5 21. a4
Kc6 22. Rhb1 Rhb8 23. Rxb8 Rxb8 24. a5 Nc8 25. Be3 Na7 26. Kd3 Rb2 27. c4 Rxg2
28. cxd5+ exd5 29. Bg1 Rb2 30. a6 Rb3+ 31. Kc2 Rb5 32. Kc3 d4+ 33. Kd3 Kd5 34.
Rc1 c4+ 35. Rxc4 Rb3+ 36. Rc3 Rxc3+ 37. Kd2 Kc4 38. h4 Ra3 39. e6 Ra2+ 40. Kc1
fxe6 0-1

[Event "Challenge"]
[Site "http://www.queenalice.com/game.php?id=196131"]
[Date "2007.4.13"]
[Round "-"]
[White "ocmpa"]
[Black "corinthians2"]
[Result "0-1"]
[WhiteElo "1724"]
[BlackElo "1945"]

1. e4 c5 2. c4 Nc6 3. Nf3 g6 4. d4 cxd4 5. Nxd4 Bg7 6. Be3 Nf6 7. Nc3 O-O 8. Qd2
d6 9. Nxc6 bxc6 10. O-O-O Ng4 11. h3 Nxe3 12. Qxe3 Qa5 13. Kb1 Rb8 14. Rc1 Ba6
15. f4 Rb4 16. b3 Rfb8 17. Qxa7 Rxb3+ 18. axb3 Rxb3+ 19. Kc2 Qxc3+ 20. Kd1 Qd4+
21. Qxd4 Bxd4 22. Kc2 Rg3 23. f5 c5 24. Rg1 Bxg1 25. Ra1 Bb7 26. Ra7 Bxe4+ 27.
Kd2 gxf5 28. Rxe7 Bd4 29. Rd7 Ra3 30. Be2 Be3+ 31. Ke1 Ra1+ 32. Bd1 Bd4 33. Rxd6
Bc2 34. Rd8+ Kg7 35. Kd2 Bxd1 36. g4 f4 37. Rd5 f3 38. Rf5 f2 39. h4 Bxg4 40.
Kd3 Bxf5+ 41. Kd2 f1=Q 42. h5 Ra2# 0-1

[Event "Challenge"]
[Site "http://www.queenalice.com/game.php?id=199544"]
[Date "2007.4.20"]
[Round "-"]
[White "ocmpa"]
[Black "Tremembe"]
[Result "1-0"]
[WhiteElo "1723"]
[BlackElo "1120"]

1. e4 e5 2. Nf3 Nc6 3. d4 exd4 4. Nxd4 Bc5 5. Be3 Nf6 6. Nc3 O-O 7. Nf5 Bxe3 8.
Nxe3 d6 9. Bc4 a5 10. Ned5 Nxd5 11. Bxd5 Ne5 12. O-O c6 13. Bb3 Qg5 14. f4 Qf6
15. fxe5 Qxe5 16. Qf3 Be6 17. Qf4 Bxb3 18. axb3 b5 19. Qxe5 dxe5 20. Rfd1 b4 21.
Na4 h6 22. c3 Rad8 23. Rxd8 Rxd8 24. Nc5 Rd2 25. Rxa5 Rxb2 26. cxb4 Rd2 27. b5
cxb5 28. Rxb5 Rb2 29. Nd3 Rb1+ 30. Kf2 f6 31. g4 Rd1 32. Rd5 Rb1 33. b4 g5 34.
b5 Kf7 35. Kf3 Ra1 36. b6 Ra8 37. b7 Rb8 38. Nc5 Kg6 39. Rd7 h5 40. Na6 Re8 41.
Rc7 Rd8 42. Rc8 Rd3+ 43. Ke2 Rb3 44. b8=Q Rxb8 45. Nxb8 hxg4 46. Rc6 Kf7 47. Kf2
Kg6 48. Nd7 Kh5 49. Nxf6+ Kh4 50. Kg2 g3 51. hxg3# 1-0

[Event "Challenge"]
[Site "http://www.queenalice.com/game.php?id=199545"]
[Date "2007.4.20"]
[Round "-"]
[White "Tremembe"]
[Black "ocmpa"]
[Result "1-0"]
[WhiteElo "1120"]
[BlackElo "1725"]

1. e4 e5 2. Bc4 Nf6 3. Qf3 Nc6 4. d3 d6 5. Bg5 Be7 6. Nc3 Nd4 7. Qd1 O-O 8. Nh3
a6 9. O-O Bxh3 10. gxh3 b5 11. Bd5 Nxd5 12. Bxe7 Nxe7 13. Qg4 Nxc2 14. Rac1 Nd4
15. b4 Ng6 16. Nd5 Ra7 17. f4 c6 18. f5 cxd5 19. fxg6 fxg6 20. Rxf8+ Qxf8 21.
Rc8 Ne2+ 22. Kg2 Nf4+ 23. Kh1 Rc7 24. Rxf8+ Kxf8 25. Qd1 d4 26. h4 Rc3 27. h3
Rxd3 28. Qc2 Rxh3+ 29. Kg1 Rc3 30. Qd1 d3 31. Kf2 Rc2+ 32. Kg3 Ne2+ 33. Kg4 Rc3
34. Qd2 Ra3 35. Kf3 Nf4 36. Kg4 h6 37. Qc1 Rxa2 38. Qc8+ Ke7 39. Qc7+ Kf6 40.
Qxd6+ Ne6 41. Qxd3 h5+ 42. Kg3 Nf4 43. Qd8+ Ke6 44. Qg8+ Kf6 45. Qxa2 g5 46.
hxg5+ Kxg5 47. Qxa6 h4+ 48. Kf3 h3 49. Qa1 Kh4 50. Qe1+ Kg5 51. Qg3+ Kf6 52. Kg4
g6 53. Qh4+ g5 54. Qxg5+ Ke6 55. Qh6+ Kf7 56. Kf5 Nd3 57. Qxh3 Nxb4 58. Qh7+ Ke8
59. Ke6 Kd8 60. Qd7# 1-0

[Event "Challenge"]
[Site "http://www.queenalice.com/game.php?id=200877"]
[Date "2007.4.22"]
[Round "-"]
[White "danilorcarneiro"]
[Black "ocmpa"]
[Result "0-1"]
[WhiteElo "1100"]
[BlackElo "1718"]

1. g4 e5 2. Nf3 Nc6 3. Rg1 g5 4. Rg3 d5 5. Rh3 Bxg4 6. Bg2 Bxh3 7. Bxh3 h5 8. c3
g4 9. Nxe5 Nxe5 10. Bg2 Nf6 11. Qa4+ c6 12. f4 b5 13. Qa6 Qb6 14. Qxb6 axb6 15.
fxe5 Ne4 16. d3 Nc5 17. Na3 h4 18. d4 Ne4 19. Bg5 Nxg5 20. Rd1 Bxa3 21. bxa3
Rxa3 22. Rd3 Rxa2 23. Rd1 Rc2 24. Ra1 O-O 25. Ra6 Rb8 26. Ra3 Ne4 27. Ra1 Rxc3
28. h3 gxh3 29. Bxh3 Rxh3 30. Rc1 Rh1# 0-1

[Event "Challenge"]
[Site "http://www.queenalice.com/game.php?id=201114"]
[Date "2007.4.23"]
[Round "-"]
[White "danilorcarneiro"]
[Black "ocmpa"]
[Result "0-1"]
[WhiteElo "1100"]
[BlackElo "1720"]

1. g4 e5 2. a4 d5 3. Nc3 Bxg4 4. Nf3 Nc6 5. h3 Be6 6. h4 h5 7. Nb5 a6 8. Nc3 Nf6
9. b4 Nxb4 10. Nxe5 Bd6 11. f4 Ne4 12. Rg1 Rg8 13. d3 Nxc3 14. Qd2 d4 15. Rg5 g6
16. Bg2 c6 17. e3 Bxe5 18. fxe5 f6 19. Rg3 fxe5 20. Ba3 a5 21. Bf3 Qxh4 22. Kf2
Qh2+ 23. Rg2 Qh4+ 24. Rg3 Bg4 25. Kg2 Bxf3+ 26. Kxf3 Qf6+ 27. Kg2 Nbd5 28. e4
Nf4+ 29. Kf3 h4 30. Rg4 g5 31. Rag1 Nfe2+ 32. Kg2 Nxg1 33. Kxg1 Nb1 34. Qc1 Nxa3
35. Qa1 Nxc2 36. Qd1 Ne3 37. Qb3 Qf1+ 38. Kh2 Nxg4# 0-1

[Event "Challenge"]
[Site "http://www.queenalice.com/game.php?id=201118"]
[Date "2007.4.23"]
[Round "-"]
[White "ocmpa"]
[Black "danilorcarneiro"]
[Result "1-0"]
[WhiteElo "1722"]
[BlackElo "1100"]

1. d4 Nf6 2. Nc3 c6 3. e4 e6 4. Bg5 Qe7 5. e5 h6 6. exf6 gxf6 7. Bh4 e5 8. Qe2
Qd6 9. O-O-O Kd8 10. dxe5 Qe7 11. Bxf6 Bg7 12. Bxe7+ Kxe7 13. f4 Na6 14. Nf3 d5
15. f5 Bxf5 16. Nh4 Bh7 17. g4 Ke6 18. Bh3 Nb4 19. Nf5 Bxe5 20. Rde1 f6 21. a3
Na6 22. Nxh6 Nc5 23. g5+ Ke7 24. gxf6+ Kxf6 25. Qxe5+ Kg6 26. Qd6+ Kh5 27. Re5+
Kh4 28. Bg4 Ne4 29. Rh5# 1-0

[Event "Challenge"]
[Site "http://www.queenalice.com/game.php?id=206915"]
[Date "2007.5.6"]
[Round "-"]
[White "Hugo_Gtz"]
[Black "ocmpa"]
[Result "1-0"]
[WhiteElo "1728"]
[BlackElo "1736"]

1. d4 d5 2. Nf3 Nc6 3. e3 Bg4 4. h3 Bxf3 5. Qxf3 Nf6 6. c4 e6 7. cxd5 Qxd5 8.
Qxd5 exd5 9. Bb5 Bb4+ 10. Nc3 O-O 11. a3 Bxc3+ 12. bxc3 Na5 13. O-O a6 14. Ba4
b5 15. Bc2 Ne4 16. Bxe4 dxe4 17. a4 Nb3 18. Ra3 Nxc1 19. Rxc1 c6 20. axb5 axb5
21. Rb3 h5 22. c4 bxc4 23. Rxc4 Rac8 24. Rb6 Rfe8 25. Kh2 c5 26. dxc5 Re6 27.
Rb5 Rcc6 28. Kg3 g5 29. h4 f6 30. hxg5 fxg5 31. Rd4 Kf7 32. Rd5 Kf6 33. f3 Re5
34. fxe4 Rxe4 35. Kf3 Rce6 36. c6 g4+ 37. Kg3 Rxc6 38. Rxh5 Rxe3+ 39. Kh4 Rce6
40. g3 R3e4 41. Rh6+ Kf7 42. Rb7+ Re7 43. Rxe7+ Kxe7 44. Rg6 Kf7 45. Rxg4 Rxg4+
46. Kxg4 Kg6 47. Kh4 Kh6 48. g4 Kg6 49. g5 Kh7 50. Kh5 1-0

[Event "Challenge"]
[Site "http://www.queenalice.com/game.php?id=211984"]
[Date "2007.5.17"]
[Round "-"]
[White "Bitencourt"]
[Black "ocmpa"]
[Result "0-1"]
[WhiteElo "1437"]
[BlackElo "1732"]

1. d4 d5 2. Nf3 Nf6 3. c4 dxc4 4. Nc3 e6 5. e4 Be7 6. Bxc4 O-O 7. O-O Nc6 8. h3
Bb4 9. Re1 a6 10. Be3 Bxc3 11. bxc3 Nxe4 12. Qc2 Nd6 13. Bd3 g6 14. Bh6 Re8 15.
Rab1 b5 16. h4 Nf5 17. Bxf5 gxf5 18. Rbd1 f6 19. Qb3 Na5 20. Qb4 Nc4 21. Nd2
Nxd2 22. Rxd2 Qd6 23. Qb3 c5 24. Re3 f4 25. Re4 c4 26. Qc2 Bb7 27. Rxf4 f5 28.
g4 Rf8 29. Re2 Qd5 0-1

[Event "Challenge"]
[Site "http://www.queenalice.com/game.php?id=212627"]
[Date "2007.5.18"]
[Round "-"]
[White "ocmpa"]
[Black "Tremembe"]
[Result "0-1"]
[WhiteElo "1751"]
[BlackElo "1120"]

1. e4 e5 2. Nf3 Qf6 3. Be2 Nc6 4. O-O Bc5 5. c3 d6 6. Bb5 Bd7 7. a4 a6 8. Bc4
O-O-O 9. b4 Ba7 10. Bb2 Nh6 11. b5 axb5 12. axb5 Bc5 13. bxc6 Bxc6 14. d4 exd4
15. cxd4 Bb4 16. e5 dxe5 17. Nxe5 b5 18. Nxc6 Qxc6 19. Bb3 Nf5 20. Bxf7 Nh4 21.
Qg4+ Kb7 22. Qxh4 Qc2 23. Qe4+ Qxe4 24. Nc3 Qxd4 25. Rad1 Qg4 26. Nd5 Bd6 27.
Ne3 Qf4 28. Bd5+ c6 29. Rd4 Qxh2# 0-1

[Event "Challenge"]
[Site "http://www.queenalice.com/game.php?id=213775"]
[Date "2007.5.20"]
[Round "-"]
[White "altair"]
[Black "ocmpa"]
[Result "1-0"]
[WhiteElo "1678"]
[BlackElo "1751"]

1. e4 e5 2. Nf3 Nc6 3. Bb5 Bd6 4. Bxc6 bxc6 5. d3 Nf6 6. Nbd2 O-O 7. O-O Bc5 8.
Nxe5 Bd4 9. Ndc4 d5 10. Na5 Bxe5 11. Nxc6 Qd6 12. Na5 Bxh2+ 13. Kh1 dxe4 14. Nc4
Qd5 15. Kxh2 exd3 16. Qxd3 Qxd3 17. cxd3 Ba6 18. b3 h6 19. Bb2 Ng4+ 20. Kg3 f5
21. f3 Bxc4 22. dxc4 Ne3 23. Rf2 f4+ 24. Kh2 Rad8 25. Be5 Rd1 26. Rxd1 Nxd1 27.
Rd2 Ne3 28. Bxc7 Rf7 29. Rd8+ Kh7 30. Bd6 g5 31. c5 Nf5 32. c6 Nxd6 33. Rxd6 Rf8
34. Rd7+ Kg6 35. Rxa7 Kh5 36. b4 g4 37. Ra5+ Kh4 38. c7 g3+ 39. Kg1 Rc8 40. Rc5
h5 41. b5 1-0

[Event "Challenge"]
[Site "http://www.queenalice.com/game.php?id=216579"]
[Date "2007.5.26"]
[Round "-"]
[White "alexnu"]
[Black "ocmpa"]
[Result "0-1"]
[WhiteElo "1736"]
[BlackElo "1735"]

1. g4 e5 2. Bg2 d5 3. c4 c6 4. Qb3 Bxg4 5. Qxb7 Nd7 6. Nc3 dxc4 7. Bxc6 Qc8 8.
Qxa8 Qxa8 9. Bxa8 Nb6 10. Bc6+ Bd7 11. Bxd7+ Nxd7 12. Nb5 Bc5 13. Nc7+ Kd8 14.
Nd5 Ngf6 15. Nxf6 Nxf6 16. f3 e4 17. fxe4 Nxe4 18. Nh3 h6 19. d3 cxd3 20. exd3
Nd6 21. Bf4 Re8+ 22. Kd2 g5 23. Bxd6 Bxd6 24. a3 g4 25. Nf2 f5 26. Rae1 Re5 27.
d4 Rb5 28. Nd3 f4 29. Re6 Rd5 30. Kc3 h5 31. Rhe1 Kd7 32. Kc4 Rf5 33. Nc5+ Bxc5
34. dxc5 g3 35. hxg3 fxg3 36. Rg6 h4 37. Rh6 Rf4+ 38. Kd3 g2 39. Ke3 Rf1 40.
Rd6+ Kc7 0-1

[Event "Challenge"]
[Site "http://www.queenalice.com/game.php?id=380372"]
[Date "2008.4.1"]
[Round "-"]
[White "ocmpa"]
[Black "Tremembe"]
[Result "1-0"]
[WhiteElo "1720"]
[BlackElo "1555"]

1. e4 e5 2. Nf3 Nc6 3. Nc3 Bc5 4. Qe2 Nb4 5. Qd1 d6 6. a3 Nc6 7. Bb5 Bd7 8. O-O
Nd4 9. Bxd7+ Qxd7 10. b4 Nxf3+ 11. Qxf3 O-O-O 12. bxc5 dxc5 13. d3 Nf6 14. Bg5
Qe6 15. Qf5 Qxf5 16. exf5 Rd6 17. Nb5 Ra6 18. c4 Nd7 19. f4 h6 20. Bh4 c6 21.
Nd6+ Kc7 22. Nxf7 Rf8 23. Nxe5 Rxf5 24. Nxd7 Kxd7 25. g4 Rf8 26. f5 Re8 27. Rfe1
Rxe1+ 28. Bxe1 b5 29. Bc3 Ke7 30. Bxg7 bxc4 31. dxc4 Ra4 32. Bxh6 Rxc4 33. h3
Rc2 34. Rc1 Rxc1+ 35. Bxc1 Kf6 36. h4 c4 37. Kf2 c3 38. Ke3 Ke5 39. h5 Kf6 40.
Ke4 c2 41. g5+ Kg7 42. h6+ Kf7 43. h7 Kg7 44. g6 Kf6 45. h8=Q+ Ke7 46. g7 a5 47.
g8=Q Kd6 48. Qe5+ Kd7 49. Qge8# 1-0

[Event "Challenge"]
[Site "http://www.queenalice.com/game.php?id=407489"]
[Date "2008.5.24"]
[Round "-"]
[White "Tremembe"]
[Black "ocmpa"]
[Result "0-1"]
[WhiteElo "1556"]
[BlackElo "1729"]

1. e4 e5 2. Nf3 d6 3. d3 Nf6 4. h3 Nc6 5. Nc3 a6 6. g4 h6 7. d4 exd4 8. Nxd4 Ne5
9. f4 Nc6 10. Nxc6 bxc6 11. f5 Be7 12. Bc4 d5 13. exd5 cxd5 14. Nxd5 Ne4 15. Be3
Bh4+ 16. Kf1 Ng3+ 17. Kg2 Nxh1 18. Kxh1 O-O 19. Bc5 Re8 20. Ne3 Bb7+ 21. Kh2 Qg5
22. Qd7 Qf4+ 23. Kg1 Qf2# 0-1

[Event "Challenge"]
[Site "http://www.queenalice.com/game.php?id=425806"]
[Date "2008.7.1"]
[Round "-"]
[White "Tremembe"]
[Black "ocmpa"]
[Result "0-1"]
[WhiteElo "1560"]
[BlackElo "1740"]

1. e4 e5 2. Nf3 Nc6 3. Bc4 Nf6 4. d3 d6 5. Ng5 d5 6. exd5 Nxd5 7. Qf3 Be6 8.
Nxe6 fxe6 9. Bb5 Qd6 10. c4 Qb4+ 11. Nd2 O-O-O 12. O-O Nd4 13. Qd1 Nxb5 14. cxb5
Qxb5 15. Nf3 Nf4 16. Nxe5 Qxe5 17. Bxf4 Qxf4 18. Qe2 Re8 19. Rac1 Bd6 20. g3 Qe5
21. Qe4 Qxe4 22. dxe4 e5 23. Rc4 g5 24. b4 h5 25. a4 b6 26. Rd1 h4 27. Rxd6 Rd8
28. Rg6 h3 29. Rxg5 Rd1# 0-1